A descriptive study of Kashmiri / (Record no. 127774)

MARC details
000 -LEADER
fixed length control field 00697nam a22002417a 4500
005 - DATE AND TIME OF LATEST TRANSACTION
control field 20170124110030.0
010 ## - LIBRARY OF CONGRESS CONTROL NUMBER
LC control number A-710038
020 ## - INTERNATIONAL STANDARD BOOK NUMBER
Terms of availability 150.00
International Standard Book Number 8185061467
035 ## - SYSTEM CONTROL NUMBER
System control number A-710038
037 ## - SOURCE OF ACQUISITION
Source of stock number/acquisition Cen Lib/Ret
040 ## - CATALOGING SOURCE
Original cataloging agency DPL
Language of cataloging EN
082 ## - DEWEY DECIMAL CLASSIFICATION NUMBER
Classification number 468
Item number BHA
100 ## - MAIN ENTRY--PERSONAL NAME
Personal name Bhat, Roopkrishen
9 (RLIN) 21509
245 ## - TITLE STATEMENT
Title A descriptive study of Kashmiri /
Statement of responsibility, etc by Roopkrishen Bhat
260 ## - PUBLICATION, DISTRIBUTION, ETC. (IMPRINT)
Place of publication, distribution, etc Delhi
Name of publisher, distributor, etc Amar Prakashan
Date of publication, distribution, etc 1987
270 ## - ADDRESS
Address A1/139B,Lawrence Road
City Delhi
Postal code 110035
300 ## - PHYSICAL DESCRIPTION
Extent 172p.
Dimensions 21cm(Hb)
500 ## - GENERAL NOTE
General note Includes bibliographical reference
650 ## - SUBJECT ADDED ENTRY--TOPICAL TERM
Topical term or geographic name as entry element Linguistics
9 (RLIN) 21510
650 ## - SUBJECT ADDED ENTRY--TOPICAL TERM
Topical term or geographic name as entry element Kashmiri studies
9 (RLIN) 21511
700 ## - ADDED ENTRY--PERSONAL NAME
9 (RLIN) 20986
942 ## - ADDED ENTRY ELEMENTS (KOHA)
Source of classification or shelving scheme Dewey Decimal Classification
Koha item type English Books
Classification part 468
Call number suffix BHA
Holdings
Withdrawn status Lost status Damaged status Not for loan Home library Current library Date acquired Source of acquisition Cost, normal purchase price Total Checkouts Full call number Barcode Date last seen Copy number Cost, replacement price Price effective from Koha item type Public note
Written off       Central Library Central Library 30/06/2015 Cen Lib/Ret 150.00   468 BHA A-710038 30/06/2015 1 150.00 30/06/2015 English Books Written off on approval by DLB (By Circulation); dtd 15-06-2023

© Delhi Public Library
Hit Counter
free hit counter